Overalle Liverpoolu W EA FC 25 - Statystyki

Ogólne statystyki
  • Ten quiz został rozwiązany 194 razy
  • Średni wynik to 31 z 32
Statystyki odpowiedzi
Poz. Piłkarz Overall % Poprawnych
GK Alisson 89
100%
CB Virgil Van Dijk 89
100%
RW Mohamed Salah 89
100%
CAM Dominil Szoboszlai 81
99%
ST Darwin Nunez 82
99%
CB Ibrahima Konate 83
99%
ST Cody Gakpo 83
99%
LW Luis Diaz 84
99%
RW Federico Chiesa 84
99%
LB Andrew Roberston 85
99%
ST Diogo Jota 85
99%
RB Trent Alexander-Arnold 86
99%
CM Alexis Mac Allister 86
99%
CB Jarell Quansah 75
98%
RB Conor Bradley 75
98%
GK Caoimhin Kelleher 77
98%
LB Konstantinos Tsimikas 77
98%
CM Ryan Gravenberch 78
98%
CAM Harvey Elliot 78
98%
CM Curtis Jones 79
98%
CB Joe Gomez 80
98%
CDM Wataru Endo 80
98%
CDM Tyler Morton 72
97%
GK Vitezslav Jaros 68
95%
CM James McConnel 63
94%
ST Jayden Danns 63
94%
GK Jakub Ojrzyński 56
93%
LB James Norris 59
93%
CB Amara Nallo 59
93%
GK Harvey Davies 61
93%
CM Trey Nyoni 61
93%
CM James Balagizi 61
93%
Nie znaleziono quizów pasujących do podanych kryteriów
Rozkład punktacji
Procent ludzi z każdym wynikiem
Percentyl według liczby udzielonych odpowiedzi
Twoja historia wyników
Nie rozwiązałeś tego quizu